000 00616cam a2200229 i 4500
001 2281026
005 20180116080248.0
008 790613s1980 ilua b 001 0 eng
010 _a 79016131
020 _a0226311147
040 _aDLC
_cDLC
_dDLC
041 _aeng
043 _an-us-il
080 _a329.0211 GUT
082 0 0 _a329.0211 GUT
_219
100 1 _a19
101 _aPOL
245 1 0 _aMachine politics in transition :
_cThomas M. Guterbock.
504 _aBibliography: p. 307-314.
906 _a7
_bcbc
_corignew
_d1
_eocip
_f19
_gy-gencatlg
942 _2ddc
_cBK
999 _c40374
_d40374